Matt Shinick
Georgetown A
Categories
Literature - European Literature | 0 | 1 | 0 | 1 | 10 | 139 | 139.00 | 0 | 1 |
Science - Biology | 0 | 1 | 0 | 0 | 10 | 111 | 111.00 | 0 | 1 |
Science - Physics | 0 | 1 | 0 | 1 | 10 | 124 | 124.00 | 0 | 1 |
Beliefs | 0 | 1 | 0 | 0 | 10 | 103 | 103.00 | 1 | 1 |
Current Events | 0 | 1 | 0 | 0 | 10 | 131 | 131.00 | 0 | 1 |
Social Science | 0 | 0 | 0 | 0 | 0 | 0.00 | 0 | 0 | |
Fine Arts - Auditory Fine Arts | 0 | 0 | 0 | 0 | 0 | 0.00 | 0 | 0 | |
World and Other Literature | 0 | 0 | 1 | 0 | -5 | 0.00 | 0 | 0 | |
Literature - British Literature | 0 | 0 | 1 | 0 | -5 | 0.00 | 0 | 0 | |
Other Arts: Visual | 0 | 0 | 1 | 0 | -5 | 0.00 | 0 | 0 | |
Other Science: Earth Science | 0 | 0 | 1 | 0 | -5 | 0.00 | 0 | 0 | |
History - World History | 0 | 0 | 2 | 0 | -10 | 0.00 | 0 | 0 |